000 00749nam a22001337a 4500
040 _cRUA
082 _aAGE SIV 2010 B047 Or.1
100 _aSIVE, THEA.
245 _aEffect of various fertilizer applications on chinese kale crop at prek anh chanh commune, muk kampual district, kandal province (ឥទ្ធិពលនៃជីប្រភេទផ្សេងគ្នាលើដំណាំខាត់ណាក្នុងលក្ខខណ្ឌឃុំព្រែកអញ្ចាញស្រុកមុខកំពលខេត្តកណ្ដាល)
260 _aPhnom Penh
_bRUA
_c2010
300 _ax, 50p.
_bill.
_c29cm.
856 _uhttps://drive.google.com/file/d/1uiyOToZBfqMKg7dZes3_3vbnQoul5YCT/view?usp=sharing
942 _cAGR
999 _c1397
_d1397